Από την εφηβεία στην ενήλικη ζωή : μελέτες για τις ταυτότητες φύλου στη σύγχρονη ελληνική πραγματικότητα

Αποθηκεύτηκε σε:
Λεπτομέρειες βιβλιογραφικής εγγραφής
Άλλοι συγγραφείς: Δεληγιάννη-Κουϊμτζή, Βασιλική (edtf), Σακκά, Δέσποινα (edtf)
Μορφή: Βιβλίο
Γλώσσα:Greek
Δημοσίευση: Αθήνα : Gutenberg, 2007.
Θέματα:
Ετικέτες: Προσθήκη ετικέτας
Δεν υπάρχουν, Καταχωρήστε ετικέτα πρώτοι!

MARC

LEADER 00000cam a2200000 i 4500
001 1/104291
008 090415s2007 gr | ||| |||| ||gre||
020 |a 9789600111422 
035 |l 10104362 
040 |a GR-MY-UA  |b gre  |e aacr 
041 0 |a gre 
082 7 |a 305.2309495   |2 (22) 
245 0 0 |a Από την εφηβεία στην ενήλικη ζωή :   |b μελέτες για τις ταυτότητες φύλου στη σύγχρονη ελληνική πραγματικότητα /   |c επιμέλεια: Β. Δεληγιάννη-Κουϊμτζή, Δ. Σάκκα. 
260 |a Αθήνα :   |b Gutenberg,   |c 2007. 
300 |a 372 σ. :   |b διαγρ., πίν. ;   |c 24 εκ. 
504 |a Περιέχει βιβλιογραφικές παραπομπές. 
650 0 0 |a Sex role. 
650 0 0 |a Gender identity. 
650 0 0 |a Sex role  |z Greece. 
650 0 0 |a Gender identity  |z Greece. 
650 0 0 |a Youth  |z Greece  |z Attitudes. 
700 1 |a Δεληγιάννη-Κουϊμτζή, Βασιλική,  |e edtf 
700 1 |a Σακκά, Δέσποινα,  |e edtf 
852 |a INST  |b LESVOS  |e 20090415  |h 305.2309495 ΔΕΛ  |p 005100044799  |q 005100044799  |t BK  |y 0 
852 |a INST  |b RHODES  |e 20230308  |h 305.2309495 ΑΠΟ  |p 005400043440  |q 005400043440  |t BK  |y 0 
901 |a BIBL1-2009-1 
909 |a Λ  |b 141285 
970 |a ΓΙΑΛΑΜΑ  |b ΜΑΡΙΑ  |z 2009/04/15